BIBLIOTHÈQUE DE LA MAISON DU MEXIQUE

Logo 1 Logo 2

Introducción a la filosofía moral (notice nᵒ 10906)

détails MARC
000 -Sello discográfico
campo de control de longitud fija 01114nam a2200325 4500
005 - Identificación de versión
campo de control 20251016155609.0
010 ## - Número Estándar Internacional de Libros (ISBN)
Número (ISBN) 978-968-16-8618-5
035 ## - Otros números de control del sistema
Número de control del sistema 7666
099 ## - fechas locales
Tipo de ítem Koha LIBRO
100 ## - Datos de procesamiento general
Datos de procesamiento general 20040227d2000 m y1spay5003 ba
101 ## - Idioma del recurso
Idioma del texto, banda sonora, etc. Español; Castellano
Idioma de la obra original Inglés
105 ## - Campo de datos codificados: Material textual, monográfico
Datos codificados de monografía y 001ay
200 1# - Título y mención de responsabilidad
Título propio Introducción a la filosofía moral
Designación general del material texto impreso
Primer mención de responsabilidad James Rachels
Declaración de responsabilidad subsiguiente traducción Gustavo Ortiz Millán
205 ## - Declaración de edición
Declaración de edición Edición conmemorativa
210 ## - Publicación, distribución, etc.
Lugar de publicación, distribución, etc. México
Nombre del editor, distribuidor, etc. Fondo de Cultura Económica
Fecha de publicación, distribución, etc. 2008
215 ## - Descripción física
Designación de material específico y extensión del ítem 362 p
Dimensiones 18 cm
300 ## - Notas generales
Texto de la nota 60 aniversario de Breviarios
345 ## - Nota de información de adquisición
Fuente de adquisición/dirección de la suscripción [OBSOLETO] Donación
410 #1 - Series
Título Breviarios del Fondo de Cultura Económica
Número de volumen 556
454 ## - Traducción de
Título The Elements of Moral Philosophy
606 ## - Término temático usado como materia
Elemento de entrada Etica
Número Koha 8858
606 ## - Término temático usado como materia
Elemento de entrada Filosofía
Número Koha 1395
700 ## - Nombre personal - Responsabilidad primaria
Elemento de entrada Rachels
Parte del nombre distinta del elemento de entrada James
Fechas 1941-2003
Código de Relator Autor
Número Koha 17461
702 ## - Nombre personal - Responsabilidad secundaria
Elemento de entrada Ortiz Millán
Parte del nombre distinta del elemento de entrada Gustavo
Código de Relator Traductor
Número Koha 17463
801 #0 - Fuente de origen
País FR
Agencia cm
Reglas de catalogación (convenciones descriptivas) AFNOR
856 ## - Localización electrónica y acceso
Identificador Uniforme de Recurso https://etica.uazuay.edu.ec/sites/etica.uazuay.edu.ec/files/public/2021-06/Rachels%20-%20Introduccion%20a%20la%20Filosofia%20Moral.pdf
942 ## - ELEMENTOS DE ENTRADA SECUNDARIOS (KOHA)
Tipo de ítem Koha Livre
Exemplaires
Estatus retirado Estado de daño Estado de pérdida Fuente de la clasificación o esquema de estantería Fecha de adquisición Biblioteca de origen Biblioteca actual Código de barras Precio de reemplazo Signatura topográfica completa No para préstamo Tipo de ítem Koha Nota no pública
      Clasificación Decimal Dewey 16/10/2025 Casa México Paris Casa México Paris 011021 16/10/2025 082.1 B846 v.556   Livre 751145101